Academic master of business administration / (Record no. 133352)

MARC details
000 -LEADER
fixed length control field 00664nam a22002177a 4500
005 - DATE AND TIME OF LATEST TRANSACTION
control field 20170124110208.0
010 ## - LIBRARY OF CONGRESS CONTROL NUMBER
LC control number B-036245
020 ## - INTERNATIONAL STANDARD BOOK NUMBER
Terms of availability 250.00
035 ## - SYSTEM CONTROL NUMBER
System control number B-036245
037 ## - SOURCE OF ACQUISITION
Source of stock number/acquisition Cen Lib/Ret
040 ## - CATALOGING SOURCE
Original cataloging agency DPL
Language of cataloging EN
082 ## - DEWEY DECIMAL CLASSIFICATION NUMBER
Classification number 000
Item number ACA
245 ## - TITLE STATEMENT
Title Academic master of business administration /
Statement of responsibility, etc by B.L. Arora...[et al.]
260 ## - PUBLICATION, DISTRIBUTION, ETC. (IMPRINT)
Place of publication, distribution, etc New Delhi
Name of publisher, distributor, etc Academic Publishers
Date of publication, distribution, etc 1988
270 ## - ADDRESS
Address B-9, Ratan Jyoti Building ,18 Rajendra Place
City New Delhi
Postal code 110008
300 ## - PHYSICAL DESCRIPTION
Extent Various Pages
Dimensions 26cm(Hb)
650 ## - SUBJECT ADDED ENTRY--TOPICAL TERM
Topical term or geographic name as entry element Commerce
9 (RLIN) 37692
650 ## - SUBJECT ADDED ENTRY--TOPICAL TERM
Topical term or geographic name as entry element Business - Management
9 (RLIN) 37693
700 ## - ADDED ENTRY--PERSONAL NAME
9 (RLIN) 6520
Personal name Arora, B.L.
942 ## - ADDED ENTRY ELEMENTS (KOHA)
Source of classification or shelving scheme Dewey Decimal Classification
Koha item type English Books
Classification part 000
Call number suffix ACA
Holdings
Withdrawn status Lost status Damaged status Not for loan Home library Current library Date acquired Source of acquisition Cost, normal purchase price Total Checkouts Full call number Barcode Date last seen Copy number Cost, replacement price Price effective from Koha item type
        Central Library Central Library 25/07/2015 Cen Lib/Ret 250.00   000 ACA B-036245 25/07/2015 1 250.00 25/07/2015 English Books

© Delhi Public Library
Hit Counter
free hit counter